Most MLB All-Star Appearances - Statistics

General Stats
  • This quiz has been taken 166 times
  • The average score is 12 of 21
Answer Stats
Seasons Player % Correct
14 Derek Jeter
88%
21 Hank Aaron
78%
16 Mickey Mantle
78%
20 Willie Mays
76%
19 Cal Ripken Jr.
75%
14 Barry Bonds
69%
14 Alex Rodriguez
68%
14 Ivan Rodriguez
68%
17 Ted Williams
68%
17 Pete Rose
66%
15 Brooks Robinson
64%
20 Stan Musial
56%
15 Yogi Berra
56%
18 Carl Yastrzemski
53%
14 Johnny Bench
52%
14 Reggie Jackson
44%
15 Ozzie Smith
43%
15 Tony Gwynn
43%
18 Rod Carew
30%
15 Al Kaline
22%
14 Warren Spahn
12%
No matching quizzes found
Score Distribution
Percent of People with Each Score
Percentile by Number Answered
Your Score History
You have not taken this quiz